[Event "MS_druzstev_senioru"]
[Site "?"]
[Date "2025.02.19"]
[Round "3.2"]
[White "Stegl, Petr"]
[Black "Popelka , Pavel"]
[Result "1/2-1/2"]
[WhiteElo "1873"]
[BlackElo "1885"]
[PlyCount "73"]
[SourceDate "2025.02.19"]
[WhiteTeam "Pecky"]
[BlackTeam "Kralupy"]

1. e4 c5 2. Nf3 Nc6 3. d4 cxd4 4. Nxd4 e6 5. Nc3 a6 6. Be2 Bc5 7. Be3 Bb4 8.
O-O Bxc3 9. bxc3 Nge7 10. f4 O-O 11. Qe1 d5 12. e5 Nxd4 13. cxd4 Bd7 14. Bd3
Rc8 15. Qh4 Nf5 16. Qh3 Bb5 17. Bxf5 exf5 18. Rf2 Rc3 19. a4 Bd7 20. Qf3 Qc7
21. a5 Rc8 22. Qe2 Bb5 23. Qd2 Qd8 24. Ra2 Qc7 25. h3 Qc4 26. Ra1 Ba4 27. Rc1
Qb5 28. Qe1 g6 29. Bd2 Rxc2 30. Rxc2 Rxc2 31. Bc3 Rxf2 32. Kxf2 Qc6 33. Ke3 Bb5
34. Kf3 Kg7 35. g3 Qc4 36. h4 Qd3+ 37. Kf2 1/2-1/2

[Event "MS_Praha_2025"]
[Site "?"]
[Date "2025.02.20"]
[Round "4.5"]
[White "Koper, Stefan"]
[Black "Stegl, Petr"]
[Result "1-0"]
[WhiteElo "1789"]
[BlackElo "1873"]
[PlyCount "99"]
[WhiteTeam "Mahrla Praha"]
[BlackTeam "Sokol Pecky"]

1. d4 d5 2. c4 c6 3. Nc3 Nf6 4. Nf3 Bf5 5. cxd5 Nxd5 6. e3 e6 7. a3 Bd6 8. h3
O-O 9. Bd3 Bg6 10. e4 Nxc3 11. bxc3 Nd7 12. e5 Be7 13. h4 Bh5 14. g4 Bxg4 15.
Bxh7+ Kh8 16. Bd3 f5 17. Be3 g6 18. Be2 Qa5 19. Bd2 Qd5 20. Rg1 Qe4 21. Ng5
Qxe2+ 22. Qxe2 Bxe2 23. Kxe2 Bxg5 24. Rxg5 Kh7 25. h5 Rg8 26. Rh1 Nf8 27. a4
Kg7 28. a5 b6 29. Rgg1 Kf7 30. hxg6+ Rxg6 31. Rb1 b5 32. c4 a6 33. cxb5 axb5
34. Rhc1 Ra6 35. Rb2 Nd7 36. f4 Rg8 37. Kf3 Rd8 38. Rbc2 Rc8 39. Bb4 Nb8 40.
Rh2 Rg8 41. Ra1 Nd7 42. Rc1 Nb8 43. Rh7+ Rg7 44. Rh8 Rg8 45. Rch1 Nd7 46. R1h7+
Rg7 47. Rxg7+ Kxg7 48. Re8 Ra7 49. Rxe6 Rc7 50. Re7+ 1-0

[Event "MS_Praha_2025"]
[Site "?"]
[Date "2025.02.21"]
[Round "5.2"]
[White "Stegl, Petr"]
[Black "Gergelits, Tomas"]
[Result "1-0"]
[WhiteElo "1873"]
[BlackElo "1610"]
[PlyCount "41"]
[SourceDate "2025.02.22"]
[WhiteTeam "Sokol Pecky"]
[BlackTeam "Jawa 2025"]

1. e4 d5 2. exd5 Nf6 3. d4 Bg4 4. Be2 Bxe2 5. Nxe2 Nxd5 6. c4 Nf6 7. O-O e6 8.
Nbc3 Be7 9. b3 Nbd7 10. Bb2 O-O 11. Qc2 Nb6 12. Rad1 c6 13. Rd3 Qc7 14. Rh3 g6
15. Qd2 h5 16. Ng3 Kg7 17. Nce4 Rad8 18. Qg5 Nxe4 19. Nxh5+ Kg8 20. Qh6 gxh5
21. Rxh5 1-0

[Event "MS_Praha_2025"]
[Site "?"]
[Date "2025.02.23"]
[Round "6.2"]
[White "Stegl, Petr"]
[Black "Heatlie, Douglas"]
[Result "1-0"]
[WhiteElo "1873"]
[BlackElo "1829"]
[PlyCount "97"]
[SourceDate "2025.02.26"]
[WhiteTeam "Sokol Pecky"]
[BlackTeam "Scotland 3"]

1. e4 e5 2. Nf3 Nc6 3. Bc4 h6 4. O-O Nf6 5. Re1 Bc5 6. c3 O-O 7. d4 exd4 8.
cxd4 Bb6 9. Nc3 d6 10. h3 a6 11. Bf4 Ba7 12. a3 b5 13. Ba2 Ne7 14. Qd3 Ng6 15.
Bg3 Bb7 16. e5 Nh5 17. Qxg6 Nxg3 18. Qxg3 Bxf3 19. Qxf3 Bxd4 20. Rad1 c5 21.
exd6 Ra7 22. Bb1 Rd7 23. Qf5 g6 24. Qf4 Rxd6 25. Ne4 Re6 26. Qxh6 Rfe8 27. Kf1
Qe7 28. Qd2 f5 29. Nc3 Rxe1+ 30. Rxe1 Qxe1+ 31. Qxe1 Rxe1+ 32. Kxe1 b4 33. axb4
cxb4 34. Nd1 Kf7 35. Ke2 a5 36. Bc2 Ke6 37. Kd3 Be5 38. Ba4 Kd6 39. g4 fxg4 40.
hxg4 Kd5 41. Ne3+ Kc5 42. Nc4 Bc7 43. b3 Kd5 44. Ke3 g5 45. f3 Bf4+ 46. Kd3 Bc7
47. Ne3+ Kc5 48. Ke4 Bf4 49. Nd5 1-0

[Event "MS_Praha_2025"]
[Site "?"]
[Date "2025.02.25"]
[Round "8.2"]
[White "Bilek, Roman"]
[Black "Stegl , Petr"]
[Result "0-1"]
[WhiteElo "1859"]
[BlackElo "1873"]
[PlyCount "58"]
[WhiteTeam "Zdar n. Sazavou"]
[BlackTeam "Sokol Pecky"]

1. e4 c5 2. Nf3 Nc6 3. d4 cxd4 4. Nxd4 g6 5. Nc3 Bg7 6. Be3 d6 7. Bc4 Nf6 8. f3
O-O 9. Qd2 a6 10. h4 Ne5 11. Bb3 b5 12. O-O-O h5 13. Nd5 Bb7 14. Nf4 Nc4 15.
Bxc4 bxc4 16. Nde2 Rb8 17. a3 Bxe4 18. fxe4 Nxe4 19. Qd5 Bxb2+ 20. Kb1 Bxa3+
21. Ka2 Bc5 22. Bxc5 Nxc5 23. Qd2 Rb5 24. Rb1 Ne4 25. Qe1 Rxb1 26. Kxb1 Qb6+
27. Ka1 Rb8 28. Qb1 Qc7 29. Qa2 Rb5 0-1

[Event "MS_Praha_2025"]
[Site "?"]
[Date "2025.02.26"]
[Round "9.2"]
[White "Stegl, Petr"]
[Black "Rowe, Peter"]
[Result "1-0"]
[WhiteElo "1873"]
[BlackElo "1897"]
[PlyCount "103"]
[SourceDate "2025.02.27"]
[WhiteTeam "Sokol Pecky"]
[BlackTeam "Guernsey"]

1. e4 d6 2. d4 Nf6 3. Nc3 e5 4. dxe5 dxe5 5. Qxd8+ Kxd8 6. Bg5 Be6 7. O-O-O+
Nbd7 8. Nf3 Kc8 9. Nd2 Bc5 10. f3 h6 11. Bh4 c6 12. Bc4 b5 13. Bxe6 fxe6 14.
Nb3 Be3+ 15. Kb1 g5 16. Bg3 Ne8 17. Rd3 Bb6 18. Rhd1 Rh7 19. a4 a6 20. a5 Ba7
21. Bxe5 c5 22. R3d2 c4 23. Na1 Be3 24. Re2 Nxe5 25. Rxe3 Raa7 26. b4 Rad7 27.
Ree1 Nc6 28. Na2 Nc7 29. c3 e5 30. Nc2 Ne6 31. Ne3 Rxd1+ 32. Rxd1 Rd7 33. Nd5
Kd8 34. Kc2 Ne7 35. Nxe7 Kxe7 36. Rxd7+ Kxd7 37. g3 Ke7 38. Kd2 Kf6 39. Nc1 h5
40. Ne2 h4 41. Ke3 Kg6 42. f4 gxf4+ 43. gxf4 Kf6 44. f5 Ng5 45. Ng1 h3 46. Nf3
Nf7 47. Kf2 Nd6 48. Nd2 Nf7 49. Kg3 Nd6 50. Kxh3 Nxf5 51. exf5 Kxf5 52. Kg3 1-0

[Event "MS_Praha_2025"]
[Site "?"]
[Date "2025.02.17"]
[Round "1.2"]
[White "Folkova, Martina"]
[Black "Nigrin , Jiri"]
[Result "1-0"]
[WhiteElo "2031"]
[BlackElo "1696"]
[PlyCount "47"]
[SourceDate "2025.03.01"]
[WhiteTeam "Sokol Pecky"]
[BlackTeam "Czech Women"]

1. e4 c5 2. Nf3 d6 3. d4 cxd4 4. Nxd4 Nf6 5. Nc3 a6 6. Bg5 e6 7. f4 Be7 8. Qf3
Nc6 9. O-O-O h6 10. Nxc6 bxc6 11. Bxf6 gxf6 12. Qg3 Bf8 13. e5 fxe5 14. fxe5 d5
15. Ne4 Be7 16. Qg7 Bg5+ 17. Kb1 Rf8 18. Be2 Ra7 19. Bh5 Rd7 20. Nd6+ Rxd6 21.
exd6 Qxd6 22. Rhf1 Qe7 23. Rxf7 Rxf7 24. Rf1 1-0

[Event "MS_Praha_2025"]
[Site "?"]
[Date "2025.02.18"]
[Round "2.2"]
[White "Splichal, Petr"]
[Black "Nigrin, Jiri"]
[Result "1/2-1/2"]
[WhiteElo "1986"]
[BlackElo "1696"]
[PlyCount "48"]
[EventDate "2025.??.??"]
[WhiteTeam "Sekacek"]
[BlackTeam "Sokol Pecky"]

1. d4 Nf6 2. Bg5 e6 3. Nf3 Be7 4. c4 b6 5. Nc3 Bb7 6. e3 d5 7. Bd3 Nbd7 8. O-O
O-O 9. Qe2 c5 10. Rfd1 Rc8 11. Rac1 h6 12. Bh4 cxd4 13. Nxd4 Ne5 14. cxd5 Nxd3
15. Qxd3 Nxd5 16. Bxe7 Qxe7 17. Nxd5 Bxd5 18. e4 Rxc1 19. Rxc1 Bb7 20. f3 Rd8
21. Qe3 Qb4 22. Nb3 a5 23. a3 Qb5 24. Rc2 Rd1+ 1/2-1/2

[Event "MS_Praha_2025"]
[Site "?"]
[Date "2025.02.19"]
[Round "3.3"]
[White "Kopecky, Jiri"]
[Black "Nigrin, Jiri"]
[Result "1/2-1/2"]
[WhiteElo "1885"]
[BlackElo "1696"]
[PlyCount "53"]
[WhiteTeam "Kralupy"]
[BlackTeam "Sokol Pecky"]

1. e4 c5 2. c3 d6 3. d4 cxd4 4. cxd4 Nf6 5. Nc3 e6 6. Nf3 Be7 7. Bd3 Nc6 8. a3
a6 9. O-O O-O 10. Qe2 b5 11. e5 dxe5 12. dxe5 Nd5 13. Qe4 g6 14. Bh6 Re8 15.
Rac1 Bb7 16. Bb1 Na5 17. Qe2 Nc4 18. a4 Nxc3 19. Rxc3 Bxf3 20. Rxf3 Bg5 21. Rd3
Qe7 22. Bxg5 Qxg5 23. f4 Qe7 24. axb5 axb5 25. Rb3 Qc5+ 26. Kh1 Red8 27. Rd3
1/2-1/2

[Event "MS_Praha_2025"]
[Site "?"]
[Date "2025.02.20"]
[Round "4.3"]
[White "Nigrin , Jiri"]
[Black "Kalvach , Ladislav"]
[Result "0-1"]
[WhiteElo "1696"]
[BlackElo "1718"]
[PlyCount "122"]
[WhiteTeam "Sokol Pecky"]
[BlackTeam "Mahrla Praha"]

1. c4 e5 2. Nc3 Nf6 3. g3 d5 4. cxd5 Nxd5 5. Bg2 Be6 6. Nf3 Nc6 7. O-O Be7 8.
d4 exd4 9. Nxd4 Nxd4 10. Qxd4 Nxc3 11. Qxc3 O-O 12. Bf4 c6 13. Rad1 Qb6 14. Be3
Qa6 15. a3 Bf6 16. Bd4 Bxd4 17. Qxd4 Qxe2 18. Rd2 Qc4 19. Rfd1 Qxd4 20. Rxd4 a5
21. h4 Rfe8 22. R1d2 Kf8 23. Kh2 Ke7 24. b4 axb4 25. Rxb4 Ra7 26. Rdb2 Bc8 27.
Bh3 Bxh3 28. Kxh3 b5 29. Re2+ Kf8 30. Rc2 Re6 31. Rc3 Ke7 32. Rb2 Ra4 33. Rbc2
Kd7 34. f3 Rd4 35. g4 Red6 36. Kg3 f6 37. Re2 Re6 38. Rxe6 Kxe6 39. Rxc6+ Kd5
40. Rc7 Ra4 41. Rc3 Kd4 42. Rb3 Kc5 43. Re3 Kc4 44. Re4+ Kb3 45. Re3+ Kb2 46.
Re7 Kxa3 47. Rxg7 b4 48. Rxh7 b3 49. Re7 b2 50. Re3+ Kb4 51. Re1 Ra1 52. Re8
Kc5 53. Rb8 b1=Q 54. Rxb1 Rxb1 55. Kf4 Kd6 56. Kf5 Ke7 57. h5 Kf7 58. f4 Rh1
59. Ke4 Rh3 60. f5 Kg7 61. Kd5 Re3 0-1

[Event "MS_Praha_2025"]
[Site "?"]
[Date "2025.02.21"]
[Round "5.3"]
[White "Levinsky, Ladislav"]
[Black "Nigrin, Jiri"]
[Result "1-0"]
[WhiteElo "1616"]
[BlackElo "1696"]
[PlyCount "89"]
[EventDate "2025.??.??"]
[WhiteTeam "JAWA 2025"]
[BlackTeam "Sokol Pecky"]

1. Nf3 d5 2. d4 Nf6 3. Bf4 e6 4. e3 Bd6 5. Bg3 b6 6. Be2 Bb7 7. Nbd2 h5 8. c3
O-O 9. a4 c5 10. O-O Nc6 11. dxc5 bxc5 12. Qc2 Rc8 13. Rfd1 Bxg3 14. hxg3 Qe7
15. Qb3 Rb8 16. Qa3 c4 17. a5 Qxa3 18. Rxa3 a6 19. Nd4 Nxd4 20. exd4 Bc6 21.
Rb1 Rb7 22. b4 Re8 23. f4 g6 24. Rf1 Kg7 25. Bf3 Rb5 26. Re1 Rbb8 27. Nxc4 Bb5
28. Nd6 Re7 29. Nxb5 Rxb5 30. Be2 Rb8 31. Bxa6 Ne4 32. Bd3 Nxg3 33. Kf2 Nf5 34.
Bxf5 gxf5 35. a6 Ra7 36. Rb1 Rb5 37. Rba1 Rb6 38. Ke3 f6 39. Ra5 Kf7 40. b5 Kg6
41. Kd3 h4 42. c4 dxc4+ 43. Kxc4 Rc7+ 44. Kb4 Ra7 45. Kc5 1-0

[Event "MS_Praha_2025"]
[Site "?"]
[Date "2025.02.24"]
[Round "7.2"]
[White "Grecny, Karol"]
[Black "Nigrin, Jiri"]
[Result "1-0"]
[WhiteElo "1855"]
[BlackElo "1696"]
[PlyCount "61"]
[EventDate "2025.??.??"]
[WhiteTeam "Stredocesi"]
[BlackTeam "Sokol Pecky"]

1. e4 c5 2. Nf3 d6 3. d4 cxd4 4. Nxd4 Nf6 5. Nc3 a6 6. Bc4 e6 7. O-O Be7 8. Be3
O-O 9. a4 Nc6 10. Nxc6 bxc6 11. e5 dxe5 12. Qe2 Qc7 13. a5 Nd5 14. Na4 Nxe3 15.
Qxe3 Bb7 16. Nc5 Bxc5 17. Qxc5 Rfd8 18. Rad1 g6 19. Rde1 Rd2 20. Bd3 Rd8 21.
Rxe5 Rd5 22. Rxd5 exd5 23. Qb4 Rxd3 24. cxd3 c5 25. Rc1 c4 26. dxc4 dxc4 27.
Qc3 Qc6 28. f3 Qc5+ 29. Kh1 Qb5 30. Rd1 Bd5 31. Qe5 1-0

[Event "MS_Praha_2025"]
[Site "?"]
[Date "2025.02.25"]
[Round "8.3"]
[White "Nigrin, Jiri"]
[Black "Korinkova, Eva"]
[Result "0-1"]
[WhiteElo "1696"]
[BlackElo "1891"]
[PlyCount "76"]
[EventDate "2025.??.??"]
[WhiteTeam "Sokol Pecky"]
[BlackTeam "Zdar n.Sazavou"]

1. c4 Nf6 2. Nc3 g6 3. g3 Bg7 4. Bg2 O-O 5. d4 d6 6. Nf3 Nbd7 7. O-O c5 8. d5
a6 9. a3 Qc7 10. Bf4 Rb8 11. Re1 b5 12. cxb5 axb5 13. Rc1 b4 14. axb4 Rxb4 15.
Rc2 Ba6 16. e4 Rfb8 17. Qd2 Qb7 18. e5 Ne8 19. e6 Ndf6 20. Ng5 fxe6 21. Nxe6
Rxb2 22. Nxg7 Rxc2 23. Qxc2 Nxg7 24. h4 Bc4 25. Qd2 Nf5 26. Rb1 Qa7 27. Rxb8+
Qxb8 28. Be3 Qa8 29. Qd1 Qa3 30. Qc1 Qxc1+ 31. Bxc1 Nd4 32. Bg5 Ne2+ 33. Nxe2
Bxe2 34. Bd2 Bc4 35. f4 Bxd5 36. Bh3 e6 37. Bc3 Ne4 38. Be1 c4 0-1

[Event "MS_Praha_2025"]
[Site "?"]
[Date "2025.02.26"]
[Round "9.3"]
[White "Morgan, Jamie"]
[Black "Nigrin , Jiri"]
[Result "1-0"]
[WhiteElo "1828"]
[BlackElo "1696"]
[PlyCount "39"]
[WhiteTeam "Guernsey"]
[BlackTeam "Sokol Pecky"]

1. e4 c5 2. Nc3 d6 3. f4 e6 4. Nf3 g6 5. Bb5+ Bd7 6. a4 Bg7 7. e5 d5 8. d4 c4
9. b3 cxb3 10. Bxd7+ Qxd7 11. Nb5 Bf8 12. Ba3 Bxa3 13. Rxa3 Ne7 14. Nd6+ Kf8
15. Rxb3 b6 16. Ng5 Kg7 17. Ndxf7 Rf8 18. Rh3 h5 19. Rxh5 gxh5 20. Qxh5 1-0

[Event "MS_Praha_2025"]
[Site "?"]
[Date "2025.02.17"]
[Round "1.4"]
[White "Svobodova , Michaela"]
[Black "Kubicek, Milos"]
[Result "1-0"]
[WhiteElo "2048"]
[BlackElo "1569"]
[PlyCount "103"]
[SourceDate "2025.03.10"]
[WhiteTeam "Czech Republic Women"]
[BlackTeam "Sokol Pecky"]

1. e4 e5 2. Nf3 Nc6 3. Nc3 d6 4. d4 Bg4 5. Bb5 exd4 6. Qxd4 Bxf3 7. gxf3 Qf6 8.
Qc4 Kd7 9. f4 a6 10. Nd5 Qe6 11. f5 Qe8 12. Bxc6+ bxc6 13. Nb4 c5 14. Nd5 Qb8
15. O-O Qb5 16. Qc3 Ne7 17. Nxe7 Bxe7 18. Bf4 Qb4 19. Qd3 g5 20. Be5 f6 21. Bc3
Qa4 22. b3 Qc6 23. Qc4 Raf8 24. Qe6+ Kd8 25. Rad1 Qd7 26. Qc4 Qb5 27. Qd5 Qe2
28. Rd3 Qg4+ 29. Rg3 Qf4 30. Rd1 h5 31. e5 fxe5 32. Bxe5 Qxf5 33. Bxh8 Qxd5 34.
Rxd5 Rxh8 35. Rf3 Kd7 36. Rf7 Ke6 37. Rdf5 c4 38. Rf3 cxb3 39. axb3 Ra8 40. Rh7
Bd8 41. Re3+ Kd5 42. Re8 Kc6 43. Rxh5 Kd7 44. Rhh8 a5 45. Kg2 c5 46. Kf3 Rc8
47. Ke4 c4 48. Reg8 cxb3 49. cxb3 Rb8 50. Rxd8+ Rxd8 51. Rxd8+ Kxd8 52. Kf5 1-0

[Event "MS_Praha_2025"]
[Site "?"]
[Date "2025.02.18"]
[Round "1.4"]
[White "Talpa, Pavel"]
[Black "Kubicek, Milos"]
[Result "1-0"]
[WhiteElo "1888"]
[BlackElo "1569"]
[PlyCount "94"]
[EventDate "2025.??.??"]
[SourceDate "2025.03.14"]
[WhiteTeam "Sekacek"]
[BlackTeam "Sokol Pecky"]

1. d4 d5 2. e3 Nf6 3. Bd3 c5 4. c3 Nc6 5. f4 e6 6. Nf3 c4 7. Bc2 g6 8. O-O Bg7
9. Ne5 O-O 10. Nd2 Ne7 11. Qe1 b5 12. a3 Bb7 13. g4 Ne4 14. Qe2 f6 15. Nef3 a5
16. Qg2 a4 17. h4 Qe8 18. Qh3 Rd8 19. Kg2 Rd6 20. h5 gxh5 21. Rh1 Qg6 22. Qxh5
Qxh5 23. Rxh5 h6 24. f5 Kf7 25. Nxe4 dxe4 26. Nd2 exf5 27. gxf5 Re8 28. Kf2 Nc8
29. Nf1 Rd7 30. Ng3 Nd6 31. Bd2 Rde7 32. Rg1 Rg8 33. Ne2 Bc8 34. Ng3 Bf8 35.
Bd1 Rg5 36. Rxg5 fxg5 37. Bg4 Bd7 38. Kg2 Ne8 39. Nh5 Nf6 40. Nxf6 Kxf6 41. Rf1
Rh7 42. Bh5 Bc8 43. Bg6 Rd7 44. Be1 Rd5 45. Bg3 Bxf5 46. Bh7 g4 47. Be5+ Ke6
1-0

[Event "MS_Praha_2025"]
[Site "?"]
[Date "2025.02.17"]
[Round "1.3"]
[White "Charous , Zdenek"]
[Black "Kubikova , Hana"]
[Result "1/2-1/2"]
[WhiteElo "1610"]
[BlackElo "2070"]
[PlyCount "95"]
[SourceDate "2025.03.18"]
[WhiteTeam "Sokol Pecky"]
[BlackTeam "Czech Republic Women"]

1. e4 c5 2. Nf3 Nc6 3. Bc4 e6 4. Nc3 d6 5. d3 Nf6 6. a3 Be7 7. Bd2 O-O 8. O-O
a6 9. h3 b5 10. Bb3 Bb7 11. Ne2 Rc8 12. c4 Ne5 13. Nxe5 dxe5 14. Qc2 Qd7 15.
Rad1 Bd6 16. Ng3 Qc6 17. f3 Rfd8 18. Be3 b4 19. Ba4 Qc7 20. axb4 cxb4 21. Qf2
Bc5 22. Bxc5 Qxc5 23. b3 Qxf2+ 24. Kxf2 g5 25. Rd2 Kf8 26. Ke3 Rd6 27. Rfd1 h5
28. d4 exd4+ 29. Rxd4 Rxd4 30. Rxd4 h4 31. Ne2 Nh5 32. Rd6 e5 33. Rb6 Rc7 34.
Rxb4 Nf4 35. Nxf4 gxf4+ 36. Ke2 Ke7 37. Rb6 f6 38. b4 Bc8 39. Rc6 Rxc6 40. Bxc6
Kd6 41. Bd5 Kc7 42. Kd3 Bd7 43. Kc3 Be8 44. c5 Bb5 45. Bc4 Kc6 46. Kb3 Kc7 47.
Kc3 Kc6 48. Kb3 1/2-1/2

[Event "MS_Praha_2025"]
[Site "?"]
[Date "2025.02.18"]
[Round "2.3"]
[White "Charous , Zdenek"]
[Black "Hadrava, Jaroslav"]
[Result "0-1"]
[WhiteElo "1610"]
[BlackElo "1943"]
[PlyCount "29"]
[WhiteTeam "Sokol Pecky"]
[BlackTeam "Sekacek"]

1. e4 e5 2. Nf3 Nc6 3. Bc4 Nf6 4. Nc3 Bb4 5. d3 d6 6. h3 Na5 7. Bb3 O-O 8. O-O
Bxc3 9. bxc3 Nxb3 10. cxb3 h6 11. Nh2 d5 12. exd5 Nxd5 13. Bb2 Nf4 14. d4 Qg5
15. Bc1 0-1

[Event "MS_Praha_2025"]
[Site "?"]
[Date "2025.02.19"]
[Round "3.4"]
[White "Charous , Zdenek"]
[Black "Konvalinka, Vladislav"]
[Result "1/2-1/2"]
[WhiteElo "1610"]
[BlackElo "1792"]
[PlyCount "55"]
[WhiteTeam "Sokol Pecky"]
[BlackTeam "Kralupy"]

1. e4 c6 2. Nf3 d5 3. exd5 cxd5 4. d4 Nc6 5. Bb5 Qa5+ 6. Nc3 Bd7 7. Bd2 e6 8.
Nxd5 Qd8 9. Nc3 a6 10. Bd3 Nf6 11. h3 Qb6 12. Na4 Qc7 13. Nc5 Nxd4 14. Nxd7
Nxf3+ 15. Qxf3 Nxd7 16. O-O Be7 17. Bc3 Bf6 18. Bxf6 Nxf6 19. Rac1 O-O 20. c4
Rfd8 21. Rfd1 Nd7 22. b3 Nc5 23. Qe4 Nxd3 24. Rxd3 Rxd3 25. Qxd3 Rd8 26. Qc2 h6
27. Rd1 Rxd1+ 28. Qxd1 1/2-1/2

[Event "MS_Praha_2025"]
[Site "?"]
[Date "2025.02.21"]
[Round "5.4"]
[White "Charous , Zdenek"]
[Black "Tomanek , Karel"]
[Result "1-0"]
[WhiteElo "1610"]
[BlackElo "1534"]
[PlyCount "55"]
[WhiteTeam "Sokol Pecky"]
[BlackTeam "JAWA 2025"]

1. e4 e6 2. Nf3 d5 3. exd5 exd5 4. d4 c5 5. c3 Nc6 6. Be3 Qb6 7. Qc2 Bd6 8.
Nbd2 Nge7 9. dxc5 Bxc5 10. Bxc5 Qxc5 11. Nb3 Qb6 12. Nbd4 O-O 13. Bd3 Ng6 14.
O-O-O Bg4 15. Rde1 Rac8 16. Nxc6 bxc6 17. Ne5 Nxe5 18. Bxh7+ Kh8 19. Rxe5 c5
20. Bf5 Bxf5 21. Rxf5 Qh6+ 22. Qd2 Qxd2+ 23. Kxd2 d4 24. cxd4 cxd4 25. Rd5 Rfd8
26. Rxd8+ Rxd8 27. Rc1 Kg8 28. Rc7 1-0

[Event "MS_Praha_2025"]
[Site "?"]
[Date "2025.02.23"]
[Round "6.3"]
[White "Grant , Glynis"]
[Black "Charous, Zdenek"]
[Result "0-1"]
[WhiteElo "1528"]
[BlackElo "1610"]
[PlyCount "118"]
[WhiteTeam "Scotland 3"]
[BlackTeam "Sokol Pecky"]

1. d4 d5 2. Nf3 Nf6 3. e3 a6 4. Bd3 Bg4 5. Nbd2 e6 6. O-O Be7 7. Re1 Nbd7 8. e4
dxe4 9. Nxe4 c6 10. c3 h6 11. Bf4 Nxe4 12. Bxe4 Nf6 13. Bc2 Bd6 14. Be5 Qc7 15.
Qd3 Bh5 16. Bxd6 Qxd6 17. Ne5 O-O-O 18. Qh3 Rdf8 19. a4 Rhg8 20. Nc4 Qf4 21.
Ne5 Bg4 22. Qg3 Qxg3 23. fxg3 Bh5 24. Rf1 Nd5 25. Rae1 f5 26. Nd3 Rf6 27. Nc5
Bf7 28. Bb3 Nc7 29. a5 Rf8 30. Bd1 g5 31. g4 f4 32. Bf3 Bg6 33. c4 Re8 34. Re5
Rf7 35. Rfe1 Rf6 36. d5 exd5 37. cxd5 Rxe5 38. Rxe5 cxd5 39. Bxd5 Nxd5 40. Rxd5
Be8 41. Re5 Bc6 42. Re6 Rxe6 43. Nxe6 Kd7 44. Nd4 Be4 45. Kf2 Kd6 46. Ne2 Kc5
47. Nc3 Bc6 48. Ne2 Be8 49. Nc3 Bg6 50. Na4+ Kb4 51. Nb6 Kxa5 52. Nc4+ Kb4 53.
Nd6 b5 54. Kf3 Kb3 55. h4 Kxb2 56. h5 Bh7 57. Nf7 b4 58. Nxh6 Kc3 59. Nf5 b3
0-1

[Event "MS_Praha_2025"]
[Site "?"]
[Date "2025.02.22"]
[Round "7.3"]
[White "Charous, Zdenek"]
[Black "Laloucek, Miroslav"]
[Result "0-1"]
[WhiteElo "1610"]
[BlackElo "1815"]
[PlyCount "106"]
[WhiteTeam "Sokol Pecky"]
[BlackTeam "Stredocesi"]

1. e4 d5 2. exd5 Nf6 3. Nc3 Nxd5 4. Nxd5 Qxd5 5. c3 a6 6. Nf3 Nc6 7. h3 e5 8.
d3 Be7 9. Be3 O-O 10. Bg5 h6 11. Bxe7 Nxe7 12. d4 exd4 13. Qxd4 Be6 14. b3 Qxd4
15. Nxd4 Bd7 16. O-O-O c5 17. Nc2 Bc6 18. Ne3 f5 19. Bc4+ Kh7 20. Nd5 Rae8 21.
Nf4 g5 22. Ne6 Rf6 23. Nxc5 Bxg2 24. Nd7 Rc6 25. Rhg1 Bxh3 26. Ne5 Rc7 27. Rd6
Nc8 28. Rd7+ Rxd7 29. Nxd7 Re7 30. Rd1 f4 31. Nc5 Bg2 32. Rd7 Kg7 33. Rd8 Nb6
34. Ne6+ Kf6 35. Rf8+ Ke5 36. Nd4 Nxc4 37. bxc4 Rh7 38. f3 Bh3 39. Re8+ Kd6 40.
Kb2 h5 41. Kb3 Bd7 42. c5+ Kc7 43. Rg8 g4 44. fxg4 hxg4 45. Rf8 f3 46. Nxf3
gxf3 47. Rxf3 Kc6 48. a3 Kxc5 49. Rf2 a5 50. Kc2 Bc6 51. Rf5+ Kc4 52. Rf2 Rg7
53. Rd2 Rg2 0-1

[Event "MS_Praha_2025"]
[Site "?"]
[Date "2025.02.25"]
[Round "8.4"]
[White "Kuda, Pavel"]
[Black "Charous, Zdenek"]
[Result "1/2-1/2"]
[WhiteElo "1657"]
[BlackElo "1610"]
[PlyCount "45"]
[WhiteTeam "Zdar n. Sazavou"]
[BlackTeam "Sokol Pecky"]

1. d4 d5 2. Bf4 Nf6 3. e3 a6 4. c3 Nc6 5. Bd3 e6 6. Nf3 h6 7. Qc2 b6 8. Nbd2
Bb7 9. Ne5 Nxe5 10. Bxe5 Bd6 11. Bg3 Bxg3 12. hxg3 a5 13. Nf3 Rc8 14. Ne5 Nd7
15. Nxd7 Qxd7 16. a4 Qd6 17. Qe2 e5 18. Rh2 e4 19. Bc2 Qg6 20. Qh5 Qxh5 21.
Rxh5 g6 22. Rh2 Ke7 23. Kd2 1/2-1/2

[Event "MS_Praha_2025"]
[Site "?"]
[Date "2025.02.26"]
[Round "9.4"]
[White "Charous, Zdenek"]
[Black "Finch, Russell"]
[Result "0-1"]
[WhiteElo "1610"]
[BlackElo "1792"]
[PlyCount "118"]
[WhiteTeam "Sokol Pecky"]
[BlackTeam "Guernsey"]

1. e4 c5 2. Nf3 d6 3. Bc4 e6 4. c3 Nc6 5. d4 Nf6 6. Bg5 Be7 7. d5 exd5 8. exd5
Nb8 9. h3 O-O 10. O-O a6 11. Bb3 b5 12. c4 Qb6 13. Nbd2 Bf5 14. Re1 Ra7 15. Bc2
Bg6 16. Bxg6 hxg6 17. b3 Qd8 18. Qe2 Nxd5 19. Qd3 Bxg5 20. Qxd5 Bxd2 21. Nxd2
Re7 22. Kf1 Rfe8 23. Re4 Nd7 24. Rxe7 Qxe7 25. Qd3 Qe5 26. Rb1 b4 27. Nf3 Qf5
28. Rd1 Re6 29. Qd2 Ne5 30. Ng5 Rf6 31. Re1 Kh8 32. Re4 Re6 33. Rh4+ Kg8 34.
Nxe6 Qxe6 35. Qd5 Qxd5 36. cxd5 f6 37. Ke2 g5 38. Re4 f5 39. Rxe5 dxe5 40. Kd3
e4+ 41. Kc4 f4 42. f3 e3 43. Kd3 Kf7 44. g3 fxg3 45. Kxe3 Ke7 46. Ke2 Kd6 47.
Kf1 Kxd5 48. Kg2 Ke5 49. Kxg3 Kf5 50. Kg2 Kf4 51. Kf2 g6 52. Kg2 a5 53. Kf2 Kf5
54. Ke3 Ke5 55. Ke2 Kd4 56. Kd2 c4 57. bxc4 Kxc4 58. Kc2 a4 59. Kd2 Kd4 0-1

[Event "MS_Praha_2025"]
[Site "?"]
[Date "2025.02.20"]
[Round "4.4"]
[White "Lavrincik, Pavel"]
[Black "Charous, Zdenek"]
[Result "1-0"]
[WhiteElo "1745"]
[BlackElo "1610"]
[PlyCount "55"]
[EventDate "2025.??.??"]
[WhiteTeam "Mahrla Praha"]
[BlackTeam "Sokol Pecky"]

1. c4 c5 2. Nc3 Nc6 3. e4 e5 4. g3 Nf6 5. Bg2 g6 6. Nge2 Bg7 7. O-O O-O 8. f4
d6 9. h3 Nd4 10. Kh2 Nxe2 11. Qxe2 Rb8 12. f5 Nh5 13. Bf3 Nf6 14. d3 a6 15. g4
Nd7 16. g5 f6 17. fxg6 hxg6 18. gxf6 Bxf6 19. Rg1 Kf7 20. Nd5 Rh8 21. Qg2 Qg8
22. Bg5 Nb6 23. Nxf6 Bxh3 24. Nxg8 Bxg2+ 25. Kxg2 Rbxg8 26. Rh1 Nc8 27. Rxh8
Rxh8 28. Rh1 1-0

[Event "WCh Praha 2025"]
[Site "?"]
[Date "2025.02.17"]
[Round "1"]
[White "Martin, Sochor"]
[Black "WGM Olga, Sikorova"]
[Result "0-1"]
[WhiteElo "1898"]
[BlackElo "2134"]
[Annotator "Martin"]
[PlyCount "66"]

1. d4 Nf6 2. Nf3 e6 3. g3 b6 4. Bg2 Bb7 5. c4 Bb4+ 6. Bd2 Be7 7. O-O O-O 8. Nc3
Ne4 9. Qc2 Nxc3 10. Bxc3 f5 11. Nd2 {Cerny hrozi Se4.} Bxg2 12. Kxg2 d5 13. Qb3
$1 c6 14. f4 Nd7 15. Rac1 Nf6 16. Bb4 {Chybny plan na vymenu strelcu, ktery
vede k vyrazne horsi pozici bílého.} c5 17. dxc5 bxc5 18. Ba3 d4 19. Qd3 Ng4
20. Kg1 e5 21. fxe5 Nxe5 22. Qc2 Qd7 23. Nb3 Rac8 24. Rf2 Ng4 25. Rf3 Ne3 26.
Qd2 Qe6 27. h3 f4 28. gxf4 Rf5 29. Kh2 Qf6 30. Rg1 Rxf4 31. Nxd4 {Zoufaly
pokus o taktiku, ktery pochopitelne nevyjde. Partie je jiz ztracena.} Bd6 32.
Kh1 cxd4 33. Rxe3 Bxa3 0-1

[Event "WCh družstev Praha 2025"]
[Site "?"]
[Date "2025.02.18"]
[Round "2"]
[White "Martin, Sochor"]
[Black "Jan, Bartoš"]
[Result "1/2-1/2"]
[WhiteElo "1898"]
[BlackElo "2124"]
[Annotator "Martin"]
[PlyCount "68"]

1. d4 Nf6 2. c4 g6 3. Nc3 Bg7 4. e4 d6 5. f4 c5 6. dxc5 Na6 7. cxd6 exd6 8. Nf3
O-O 9. Be2 Qb6 10. Qd4 Qxd4 11. Nxd4 Nxe4 12. Nxe4 Bxd4 13. Nxd6 Nb4 14. Kf1
Be6 15. f5 {Bily vraci material za lepsi pozici a otevreni krale.} gxf5 16. Bf4
Rfd8 17. Rd1 Bc5 (17... Bxb2 18. Rb1 Bc3 19. Rb3 Nxa2 20. Ra3 $16) 18. a3 Nc2
19. Rd3 Rd7 20. b4 Be3 21. Bxe3 Nxe3+ 22. Rxe3 Rxd6 23. Kf2 Rd2 24. Rc3 Rad8
25. Rhc1 Kg7 26. R1c2 Kf6 27. Rxd2 Rxd2 28. Ke3 Ra2 29. Bf3 b6 30. Kd4 Rd2+ 31.
Rd3 Rc2 32. Rc3 Rd2+ 33. Rd3 Rc2 34. Rc3 Rd2+ 1/2-1/2